[Event "49th Capablanca Mem Open I 2014"]
[Site "Havana CUB"]
[Date "2014.05.10"]
[Round "3.51"]
[White "Linares Napoles, Oleiny"]
[Black "Catala Matienzo, Ivette"]
[Result "0-1"]
[WhiteTitle "WGM"]
[BlackTitle "WFM"]
[WhiteElo "2310"]
[BlackElo "2118"]
[WhiteFideId "3504794"]
[BlackFideId "3506819"]
[EventDate "2014.04.08"]

1. c4 c5 2. g3 Nc6 3. Bg2 e5 4. Nc3 g6 5. a3 Bg7 6. b4 d6 7. Rb1 Nge7 8. d3 Rb8
9. b5 Nd4 10. e3 Ne6 11. Nge2 O-O 12. O-O f5 13. Nd5 Nxd5 14. cxd5 Ng5 15. f4
Nf7 16. a4 Bd7 17. Bd2 b6 18. Qb3 Re8 19. Nc3 Qf6 20. Rbe1 exf4 21. gxf4 Nh6 22.
Nd1 Qh4 23. h3 Re7 24. Nb2 g5 25. fxg5 Qxg5 26. Nc4 Qg6 27. Kh1 Rf8 28. Qd1 Nf7
29. Rg1 Kh8 30. Ref1 Ne5 31. Bc1 Nxc4 32. dxc4 Be5 33. Qf3 Rg7 34. Rf2 Rgg8 35.
Rd1 Qf6 0-1

[Event "49th Capablanca Mem Open I 2014"]
[Site "Havana CUB"]
[Date "2014.05.10"]
[Round "3.52"]
[White "Gil Alba, Hector Luis"]
[Black "Cardenas Ballester, Maydelin"]
[Result "1-0"]
[WhiteTitle "FM"]
[BlackTitle "WFM"]
[WhiteElo "2244"]
[BlackElo "2101"]
[WhiteFideId "3504670"]
[BlackFideId "3508242"]
[EventDate "2014.04.08"]

1. e4 c5 2. Nc3 d6 3. f4 g6 4. Nf3 Bg7 5. Bc4 e6 6. O-O Ne7 7. Qe1 Nbc6 8. d3
O-O 9. f5 exf5 10. Qh4 a6 11. Bg5 Qc7 12. Bh6 b5 13. Nd5 Nxd5 14. Bxd5 Be6 15.
exf5 Bxd5 16. Bxg7 f6 17. Bxf8 Rxf8 18. fxg6 hxg6 19. Qh6 Qg7 20. Qxg7+ Kxg7 21.
c3 Ne5 22. Nxe5 dxe5 23. a4 c4 24. Rfd1 e4 25. dxe4 Bxe4 26. axb5 axb5 27. Ra7+
Kh6 28. Rdd7 Kg5 29. Kf2 Rh8 30. Rh7 Rb8 31. Rae7 Bd5 32. Rc7 f5 33. Rcd7 Be4
34. Rd6 f4 35. Rd4 Bd3 36. h4+ Kg4 37. Rf7 Kxh4 38. Rdxf4+ Kg5 39. Kg3 Re8 40.
Rb7 Re3+ 41. Rf3 Re5 42. Rb6 Bf5 43. Kf2 Rd5 44. Kg3 Re5 45. Rf2 Re3+ 46. Kh2
Re5 47. Rf1 Kg4 48. Rf3 Kg5 49. Kg3 Bd3 50. Rf8 Bf5 51. Rfb8 Re3+ 52. Kf2 Rd3
53. Rxb5 Rd2+ 54. Kg3 Rd3+ 55. Kh2 Kg4 56. Rc5 Be6 57. Re8 Bd5 58. Rd8 Be4 59.
Rd4 Rxd4 60. cxd4 Bd3 61. d5 Kf5 62. d6+ Ke6 63. Rd5 Kd7 64. Kg3 1-0

[Event "49th Capablanca Mem Open I 2014"]
[Site "Havana CUB"]
[Date "2014.05.10"]
[Round "3.53"]
[White "Sanchez Ones, Yeny"]
[Black "Pazos Gambarrotti, Plinio"]
[Result "0-1"]
[WhiteTitle "WIM"]
[BlackTitle "IM"]
[WhiteElo "2065"]
[BlackElo "2240"]
[WhiteFideId "3514099"]
[BlackFideId "3600068"]
[EventDate "2014.04.08"]

1. e4 e6 2. d4 d5 3. Nd2 Nc6 4. Ngf3 Nf6 5. e5 Nd7 6. Be2 f6 7. exf6 Qxf6 8. Nf1
Bd6 9. Ne3 O-O 10. O-O Nb6 11. Ng4 Qe7 12. Re1 Bd7 13. Bd3 Rxf3 14. Qxf3 Nxd4
15. Qh3 g6 16. Qh6 Qg7 17. Qxg7+ Kxg7 18. Bh6+ Kf7 19. Ne5+ Bxe5 20. Rxe5 Nc6
21. Ree1 e5 22. f3 Re8 23. c3 Bf5 24. Rad1 Bxd3 25. Rxd3 Rd8 26. Red1 Ke6 27. b3
Rd7 28. Bc1 Nc8 29. Kf2 b6 30. g4 N6e7 31. h4 c5 32. Rh1 Nd6 33. h5 e4 34. Rdd1
Nc6 35. hxg6 hxg6 36. Rh6 Ne5 37. Bf4 Ndf7 38. Rh7 Nxf3 39. Rg7 Kf6 40. Rg8 g5
41. Bc1 Nh6 42. Rc8 Nxg4+ 43. Kg3 Nge5 44. Rh1 Nf7 45. Rc6+ Kf5 46. Rh7 d4 47.
cxd4 Nxd4 48. Rc8 Ne2+ 0-1

[Event "49th Capablanca Mem Open I 2014"]
[Site "Havana CUB"]
[Date "2014.05.10"]
[Round "3.54"]
[White "Lopez Gonzalez, Abel Fabian"]
[Black "Zayas Gonzalez, Laura Amalia"]
[Result "1-0"]
[BlackTitle "WFM"]
[WhiteElo "2234"]
[BlackElo "2065"]
[WhiteFideId "3512673"]
[BlackFideId "3517004"]
[EventDate "2014.04.08"]

1. e4 e6 2. d4 d5 3. Nc3 Nf6 4. e5 Nfd7 5. f4 c5 6. Nf3 Nc6 7. Be3 Qb6 8. Na4
Qa5+ 9. c3 cxd4 10. b4 Qc7 11. Nxd4 Nxd4 12. Bxd4 a6 13. Bd3 Be7 14. O-O b5 15.
Nb2 f5 16. exf6 gxf6 17. Qh5+ Kd8 18. Rae1 Qd6 19. Re2 e5 20. fxe5 fxe5 21. Bxe5
Nxe5 22. Qxe5 Qxe5 23. Rxe5 Bb7 24. Rf7 Re8 25. Rxh7 Ra7 26. Bg6 1-0

[Event "49th Capablanca Mem Open I 2014"]
[Site "Havana CUB"]
[Date "2014.05.10"]
[Round "3.55"]
[White "Frometa Castillo, Zirka"]
[Black "Rodriguez Dominguez, Melissa"]
[Result "1-0"]
[WhiteTitle "WGM"]
[WhiteElo "2144"]
[BlackElo "1996"]
[WhiteFideId "3501434"]
[BlackFideId "3517560"]
[EventDate "2014.04.08"]

1. d4 d5 2. Nf3 e6 3. e3 Nf6 4. Bd3 c5 5. b3 Nc6 6. O-O Bd6 7. Bb2 O-O 8. Nbd2
Qe7 9. Ne5 cxd4 10. exd4 Qc7 11. Nxc6 bxc6 12. Nf3 h6 13. Qe2 Nd7 14. h3 c5 15.
c3 a5 16. Rfe1 Qb6 17. Ne5 Bxe5 18. dxe5 f6 19. exf6 Nxf6 20. c4 d4 21. Ba3 Bd7
22. Qe5 Rfc8 23. Qg3 a4 24. bxa4 Rxa4 25. Bc1 Kf8 26. Bf4 Ra6 27. Be5 Qd8 28.
Re4 Nxe4 29. Qxg7+ Ke8 30. Bxe4 Qb6 31. Bg6+ 1-0

[Event "49th Capablanca Mem Open I 2014"]
[Site "Havana CUB"]
[Date "2014.05.11"]
[Round "4.3"]
[White "Ortega Amarelle, Mariano"]
[Black "Jimenez Fraga, Pedro Alejandro"]
[Result "1/2-1/2"]
[WhiteTitle "IM"]
[BlackTitle "IM"]
[WhiteElo "2457"]
[BlackElo "2463"]
[WhiteFideId "3504301"]
[BlackFideId "3508188"]
[EventDate "2014.04.08"]

1. d4 Nf6 2. c4 g6 3. Nc3 Bg7 4. e4 d6 5. Nf3 O-O 6. h3 a6 7. Be3 c6 8. c5 Nbd7
9. Nd2 Ne8 10. Qc2 b5 11. cxb6 Nxb6 12. Bd3 a5 13. O-O Ba6 14. Bxa6 Rxa6 15.
Rac1 Nc7 16. Na4 Nxa4 17. Qxa4 Qa8 18. Rc2 Rb8 19. a3 Ne6 20. Rfc1 c5 21. dxc5
Nxc5 22. Bxc5 dxc5 23. Rxc5 Bxb2 24. R1c2 Bf6 25. Qd7 Kg7 26. Rc8 Rab6 27. Qe8
Rb1+ 28. Kh2 Be5+ 29. g3 Rxc8 30. Rxc8 Qa7 31. Kg2 Rb8 32. Qg8+ Kf6 33. Rxb8
Qxb8 34. Qxh7 e6 35. Nf3 Bb2 36. a4 Ke7 37. Qh6 e5 38. Qd2 Qb6 39. Qd5 Kf6 40.
h4 Qc7 41. Nd2 Qc2 42. Qxa5 Bc3 43. Qb6+ Kg7 44. Nf3 Qxe4 45. Qe3 Qc6 46. Kh2
Kg8 47. Nxe5 Bxe5 48. Qxe5 Qxa4 49. Qe3 Qd1 50. Kg2 Kg7 51. Qf3 Qe1 52. g4 Qe7
53. Kg3 Qd6+ 54. Qf4 Qd3+ 55. Kh2 Kg8 56. h5 gxh5 57. gxh5 Qd5 58. Qh6 Qf3 59.
Qg5+ Kh7 60. Kg1 Qh3 61. Qd5 Kh6 1/2-1/2

[Event "49th Capablanca Mem Open I 2014"]
[Site "Havana CUB"]
[Date "2014.05.11"]
[Round "4.4"]
[White "Delgado Ramos, Hector"]
[Black "Leyva Rivera, Yunier"]
[Result "1/2-1/2"]
[WhiteTitle "IM"]
[BlackTitle "FM"]
[WhiteElo "2447"]
[BlackElo "2417"]
[WhiteFideId "3504824"]
[BlackFideId "3505065"]
[EventDate "2014.04.08"]

1. e4 e5 2. Nf3 Nc6 3. Bb5 a6 4. Ba4 Nf6 5. O-O Be7 6. d3 b5 7. Bb3 d6 8. a4 b4
9. a5 O-O 10. Nbd2 Be6 11. Bc4 h6 12. b3 Re8 13. Bb2 Bf8 14. Re1 g6 15. Qe2 Bxc4
16. dxc4 Nd7 17. Nf1 Nc5 18. Red1 Bg7 19. Ng3 Qd7 20. Qd2 Rab8 21. Ne1 h5 22. f3
Kh7 23. Nd3 Bh6 24. Qe1 Kg8 25. Nf1 Nxd3 26. Rxd3 Nd4 27. Qf2 c5 28. Ne3 Bxe3
29. Rxe3 Kh7 30. Bxd4 exd4 31. Ree1 Qb7 32. Re2 Re6 33. Rae1 Rbe8 34. h3 Kg7 35.
Qg3 Qc7 36. f4 Kf8 37. Qg5 Qd8 38. Qxd8 Rxd8 39. Kf2 Ke7 40. Kf3 Rh8 41. e5 Rd8 1/2-1/2

[Event "49th Capablanca Mem Open I 2014"]
[Site "Havana CUB"]
[Date "2014.05.11"]
[Round "4.5"]
[White "Gomez Garrido, Camilo Ernesto"]
[Black "Blanco Ronquillo, Humberto L."]
[Result "1/2-1/2"]
[WhiteTitle "IM"]
[BlackTitle "IM"]
[WhiteElo "2499"]
[BlackElo "2416"]
[WhiteFideId "3507904"]
[BlackFideId "3504239"]
[EventDate "2014.04.08"]

1. d4 d5 2. c4 c6 3. Nf3 Nf6 4. e3 g6 5. Nc3 Bg7 6. Be2 O-O 7. O-O Bg4 8. Qb3
Qb6 9. h3 Bxf3 10. Bxf3 e6 11. Bd2 Nbd7 12. cxd5 Qxb3 13. axb3 exd5 14. Be2 Rfe8
15. f3 Bh6 16. Kf2 a6 17. b4 Nb6 18. b3 Re7 19. Bd3 Rae8 20. Rfe1 Bg7 21. Na4
Nc8 22. Rac1 h5 23. g4 Bh6 24. Re2 Nd6 25. Rg1 hxg4 26. hxg4 Bg5 27. Rh1 Nd7 28.
Nc5 Bf6 29. Ree1 Bg5 30. Re2 Bf6 31. Ree1 Bg5 32. Re2 1/2-1/2

[Event "49th Capablanca Mem Open I 2014"]
[Site "Havana CUB"]
[Date "2014.05.11"]
[Round "4.6"]
[White "Nogueiras Santiago, Jesus"]
[Black "Fernandez Hernandez, Arturo A."]
[Result "1/2-1/2"]
[WhiteTitle "GM"]
[BlackTitle "FM"]
[WhiteElo "2497"]
[BlackElo "2367"]
[WhiteFideId "3500020"]
[BlackFideId "3509230"]
[EventDate "2014.04.08"]

1. d4 Nf6 2. Nf3 c5 3. c3 b6 4. dxc5 bxc5 5. e4 Bb7 6. e5 Nd5 7. c4 Nc7 8. Nc3
Nc6 9. Bd3 g6 10. O-O Bg7 11. Bf4 Ne6 12. Bg3 O-O 13. Be4 Rc8 14. Qd2 Ba8 15.
Rad1 Ncd4 16. Bxa8 Rxa8 17. Nxd4 Nxd4 18. Ne4 d6 19. exd6 exd6 20. Rfe1 f5 21.
Nc3 Qd7 22. Nd5 Rae8 23. b3 Kf7 24. f3 Rxe1+ 25. Rxe1 Re8 26. Rxe8 Kxe8 27. Kf1
Kf7 28. Qa5 Bf8 29. Qd2 Qc8 30. Qe1 Qc6 31. Bf4 Qd7 32. Qd2 Qe8 33. Be3 Nc6 34.
Bf4 Nd4 35. Qe1 Qd8 36. Bd2 Bg7 37. Ba5 Qd7 38. Qh4 Qe6 39. Qe1 Qd7 40. Bd2 Qd8
41. h3 Nc6 42. g4 fxg4 43. hxg4 Be5 44. Kg2 Nd4 45. Qh1 Kg8 46. Qh6 Ne6 47. f4
Bg7 48. Qh3 Nc7 49. Qf3 Nxd5 50. Qxd5+ Kf8 51. b4 Qe7 52. Kf3 Bd4 53. bxc5 dxc5
54. f5 Kg7 55. fxg6 hxg6 56. Bf4 Qf7 57. Qxf7+ Kxf7 58. Ke4 Ke6 59. Kd3 Bg1 60.
Kc2 Kd7 61. Kb3 Kc6 62. Ka4 Kb6 63. Bg5 Bd4 64. Bd8+ Ka6 65. Bc7 Kb7 66. Bd8 a6
67. Kb3 Kc6 68. Bg5 Bf2 69. Bf6 Bg1 70. Be5 Bf2 71. Kc3 Bg1 72. Kd3 Kd7 73. Ke4
Ke6 74. Bc3 Bf2 75. Kf4 Bg1 76. Kf3 Ke7 77. Be1 Ke6 78. Bg3 Bd4 79. Bf4 Bg1 80.
Ke4 Bf2 81. Kd3 Bg1 82. Kc3 Kd7 83. Kb3 Bd4 84. Kc2 Bg1 85. Kc3 Bd4+ 86. Kc2 Bg1
87. Kd3 Ke6 88. Ke4 Bd4 89. Bd2 Bg1 90. Bc3 Bf2 91. Kf4 Bg1 92. Kf3 Ke7 93. Bd2
Ke6 94. Kf4 Bf2 1/2-1/2

[Event "49th Capablanca Mem Open I 2014"]
[Site "Havana CUB"]
[Date "2014.05.11"]
[Round "4.7"]
[White "Ruiz C, Joshua D"]
[Black "Gonzalez Acosta, Bernal"]
[Result "1/2-1/2"]
[WhiteTitle "IM"]
[BlackTitle "IM"]
[WhiteElo "2362"]
[BlackElo "2482"]
[WhiteFideId "4400704"]
[BlackFideId "6500170"]
[EventDate "2014.04.08"]

1. e4 c6 2. d4 d5 3. Nc3 dxe4 4. Nxe4 Nd7 5. Ng5 Ngf6 6. Bc4 e6 7. Qe2 Nb6 8.
Bd3 h6 9. N1f3 c5 10. dxc5 Bxc5 11. Ne5 Nbd7 12. Ngf3 Qc7 13. Bf4 Bb4+ 14. Kf1
Bd6 15. Re1 O-O 16. Rg1 Nd5 17. Bd2 Nc5 18. Bc4 a6 19. g4 b5 20. Bd3 f6 21. Ng6
Nxd3 22. cxd3 Re8 23. h4 Qf7 24. h5 Bb7 25. Kg2 Rac8 26. Rc1 Ne7 27. Nh4 Rxc1
28. Bxc1 Bd5 29. b3 Rc8 30. Kh3 Qe8 31. Be3 Qd7 32. Qd2 Kh7 33. Nd4 Nc6 34. Nxc6
Rxc6 35. d4 Be4 36. Rc1 Rxc1 37. Qxc1 Qc6 38. Qxc6 Bxc6 39. f3 b4 40. Kg2 Be8
41. Kf2 a5 42. Ng2 g6 43. hxg6+ Bxg6 44. Ke2 Bb1 45. Kd2 Bxa2 46. Kc2 a4 47.
bxa4 Bd5 48. Ne1 Bg3 49. Bd2 Bxe1 50. Bxe1 Bxf3 51. Bxb4 Bxg4 52. Be1 Kg6 53.
Bh4 f5 54. Kd3 Kh5 55. Be1 Bd1 56. Bd2 Bxa4 57. Ke2 Kg6 58. Kf3 h5 59. Kg3 Bd1
60. Be1 Kg5 61. Bd2+ Kf6 62. Be1 Ke7 63. Kf4 Kd6 64. Bh4 Kd5 65. Bf6 Bg4 66. Ke3
Kc4 67. Bg5 Kc3 68. Bf6 Kc2 69. Bg5 Bh3 70. Bf6 Bg2 71. Bg5 Bd5 72. Bf6 Kd1 73.
Bh4 Kc2 74. Bf6 Kc3 75. Bg5 f4+ 76. Bxf4 1/2-1/2

[Event "49th Capablanca Mem Open I 2014"]
[Site "Havana CUB"]
[Date "2014.05.11"]
[Round "4.8"]
[White "Zaragatski, Ilja"]
[Black "Hernandez Gonzalez, William"]
[Result "1-0"]
[WhiteTitle "GM"]
[BlackTitle "FM"]
[WhiteElo "2480"]
[BlackElo "2356"]
[WhiteFideId "4655192"]
[BlackFideId "3509915"]
[EventDate "2014.04.08"]

1. e4 c5 2. Nf3 d6 3. d4 cxd4 4. Nxd4 Nf6 5. Nc3 g6 6. Bc4 Bg7 7. O-O O-O 8. Re1
Nc6 9. Nb3 Bd7 10. Nd5 Ne5 11. Bf1 Rc8 12. a4 Nc4 13. c3 Re8 14. a5 Nxd5 15.
exd5 e5 16. dxe6 Rxe6 17. Rxe6 Bxe6 18. Nd4 Bd7 19. a6 b6 20. Qb3 d5 21. Bf4 Qe8
22. Nf3 Qe4 23. Bg3 Na5 24. Rxa5 bxa5 25. Qb7 Qe8 26. Qxa7 a4 27. Bd6 Bc6 28.
Qb6 Qd8 29. Qb4 Bf8 30. Bxf8 Qxf8 31. Nd4 Ba8 32. Qxa4 Qe7 33. g3 Kg7 34. h4 Rc7
35. h5 Qf6 36. Qe8 Bc6 37. h6+ Kxh6 38. Qf8+ Qg7 39. Qd6 1-0

[Event "49th Capablanca Mem Open I 2014"]
[Site "Havana CUB"]
[Date "2014.05.11"]
[Round "4.9"]
[White "Trent, Lawrence"]
[Black "Perez Garcia, Rodney Oscar"]
[Result "1-0"]
[WhiteTitle "IM"]
[BlackTitle "IM"]
[WhiteElo "2468"]
[BlackElo "2355"]
[WhiteFideId "408638"]
[BlackFideId "3500918"]
[EventDate "2014.04.08"]

1. b3 Nf6 2. Bb2 e6 3. e3 b6 4. Be2 Bb7 5. Bf3 Bxf3 6. Qxf3 d5 7. Ne2 Nbd7 8. g4
Bd6 9. Qg2 O-O 10. O-O e5 11. Nbc3 c6 12. d3 Re8 13. Ng3 h6 14. Kh1 g6 15. h3
Nh7 16. Nce2 Qh4 17. Ng1 Ng5 18. Bc3 e4 19. dxe4 Nxe4 20. Nxe4 dxe4 21. Rad1 Qe7
22. Ne2 Rad8 23. Ng3 Nc5 24. Rg1 Be5 25. Bb4 Rxd1 26. Rxd1 Bg7 27. Qf1 a5 28.
Bxc5 Qxc5 29. Qc4 Qxc4 30. bxc4 Re5 31. Rd4 Rc5 32. Rxe4 b5 33. Ne2 bxc4 34. a4
c3 35. Nf4 Kf8 36. Kg2 h5 37. Kf3 hxg4+ 38. hxg4 g5 39. Nd3 Rd5 40. Rc4 Ke7 41.
Rxc6 Kd7 42. Rc5 1-0

[Event "49th Capablanca Mem Open I 2014"]
[Site "Havana CUB"]
[Date "2014.05.11"]
[Round "4.10"]
[White "Martinez Duany, Lelys Stanley"]
[Black "Gomez Fontal, Felix Manuel"]
[Result "1/2-1/2"]
[WhiteTitle "GM"]
[BlackTitle "IM"]
[WhiteElo "2464"]
[BlackElo "2353"]
[WhiteFideId "3504727"]
[BlackFideId "3500357"]
[EventDate "2014.04.08"]

1. d4 Nf6 2. Nf3 c5 3. e3 d5 4. c4 e6 5. Nc3 Nc6 6. cxd5 exd5 7. Bb5 Be6 8. O-O
Bd6 9. dxc5 Bxc5 10. b3 O-O 11. Bb2 Rc8 12. Rc1 Qe7 13. Ne2 Bd6 14. Ned4 Bd7 15.
Nxc6 bxc6 16. Ba6 Rb8 17. Bd3 Ne4 18. Bxe4 Qxe4 19. Qd4 Qg6 20. Qxa7 Bh3 21. Nh4
Qg5 22. Qd4 Rb4 23. f4 Rxd4 24. fxg5 Rxh4 25. gxh3 Rc8 26. Rf5 Rxh3 27. Rxd5
Bxh2+ 28. Kg2 Rxe3 29. Kxh2 Re2+ 30. Kg3 Rxb2 31. Rxc6 Rf8 32. Ra6 Rc8 33. Rad6
g6 34. Rd2 Rxb3+ 35. Kf2 Rb1 36. Rd1 Rxd1 37. Rxd1 Kg7 38. Rh1 1/2-1/2

[Event "49th Capablanca Mem Open I 2014"]
[Site "Havana CUB"]
[Date "2014.05.11"]
[Round "4.11"]
[White "Marrero Lopez, Yaniet"]
[Black "Vera Gonzalez-Quevedo, Reynaldo"]
[Result "0-1"]
[WhiteTitle "WGM"]
[BlackTitle "GM"]
[WhiteElo "2340"]
[BlackElo "2454"]
[WhiteFideId "3503950"]
[BlackFideId "3500055"]
[EventDate "2014.04.08"]

1. e4 c5 2. Nf3 Nc6 3. d4 cxd4 4. Nxd4 g6 5. Nc3 Bg7 6. Be3 Nf6 7. Bc4 Qc7 8.
Bb3 a6 9. f3 Na5 10. Qd2 b5 11. Bh6 Bxh6 12. Qxh6 Bb7 13. O-O-O Nxb3+ 14. Nxb3
d6 15. Rd4 e5 16. Rd2 b4 17. Nd1 a5 18. Kb1 a4 19. Nc1 Ke7 20. Ne3 a3 21. b3 Ra6
22. Nd3 Rb6 23. Nf2 Rc8 24. Nfd1 Rb5 25. Nc4 d5 26. exd5 Bxd5 27. Nde3 Bxc4 28.
bxc4 Rc5 29. Qh4 e4 30. f4 Rh5 31. Qf2 Kf8 32. g4 Rh3 33. g5 Rf3 34. Qe2 Qxf4
35. Nd1 Qxg5 36. Re1 Kg7 37. Rd4 Rc5 38. Ne3 Qe5 39. Qd2 Rxe3 40. Qxe3 Rxc4 41.
Red1 Nd5 42. Qg3 Qf6 0-1

[Event "49th Capablanca Mem Open I 2014"]
[Site "Havana CUB"]
[Date "2014.05.11"]
[Round "4.13"]
[White "Quesada Vera, Liordis"]
[Black "Morales Romero, Pedro"]
[Result "1/2-1/2"]
[WhiteTitle "FM"]
[BlackTitle "IM"]
[WhiteElo "2440"]
[BlackElo "2327"]
[WhiteFideId "3507009"]
[BlackFideId "3503798"]
[EventDate "2014.04.08"]

1. c4 e5 2. g3 Nf6 3. Bg2 Nc6 4. Nc3 Bb4 5. e4 O-O 6. Nge2 Nd4 7. O-O Re8 8. d3
c6 9. Nxd4 exd4 10. Ne2 d5 11. exd5 cxd5 12. Nxd4 dxc4 13. dxc4 Bg4 14. Qa4 Qxd4
15. Qxb4 Be2 16. Be3 Rxe3 17. fxe3 Qxe3+ 18. Kh1 Bxf1 19. Rxf1 Rb8 20. c5 Nd7
21. Qc4 Ne5 22. Qd5 a5 23. a3 a4 24. Qd6 Rc8 25. Bxb7 Qxc5 26. Rd1 Qxd6 27. Rxd6
Rc1+ 28. Kg2 Rc2+ 29. Kg1 g6 30. Rd4 Rxb2 31. Be4 Kg7 32. Rxa4 h5 33. Ra5 Kf6
34. g4 g5 35. Ra6+ Kg7 36. a4 hxg4 37. Ra7 Nf3+ 38. Bxf3 gxf3 39. a5 Rg2+ 40.
Kf1 Rxh2 1/2-1/2

[Event "49th Capablanca Mem Open I 2014"]
[Site "Havana CUB"]
[Date "2014.05.11"]
[Round "4.14"]
[White "Martinez Ramirez, Lennis"]
[Black "Miranda Mesa, Elier"]
[Result "0-1"]
[WhiteTitle "FM"]
[BlackTitle "FM"]
[WhiteElo "2330"]
[BlackElo "2439"]
[WhiteFideId "3509079"]
[BlackFideId "3510697"]
[EventDate "2014.04.08"]

1. e4 c5 2. Nf3 e6 3. b3 b6 4. d4 cxd4 5. Nxd4 a6 6. Bd3 Qc7 7. O-O Nf6 8. f4
Bc5 9. Be3 Bb7 10. Nd2 d6 11. c4 Nc6 12. Nc2 Nb4 13. Qe2 Ng4 14. Kh1 Nxc2 15.
Bxc5 Nxa1 16. Ba3 Nh6 17. Rxa1 O-O-O 18. Bb2 f5 19. Nf3 Rhe8 20. Ng5 Nf7 21.
Nxh7 e5 22. exf5 exf4 23. Qg4 Ne5 24. Bxe5 dxe5 25. f6+ Kb8 26. Bg6 gxf6 27.
Bxe8 Qxh7 28. Bg6 Rg8 29. Bxh7 Rxg4 30. Rg1 f3 31. h3 Rg7 32. Bf5 f2 0-1

[Event "49th Capablanca Mem Open I 2014"]
[Site "Havana CUB"]
[Date "2014.05.11"]
[Round "4.16"]
[White "Baerwinkel, Tobias"]
[Black "Rasmussen, Karsten"]
[Result "1-0"]
[BlackTitle "IM"]
[WhiteElo "2322"]
[BlackElo "2430"]
[WhiteFideId "4637429"]
[BlackFideId "1400088"]
[EventDate "2014.04.08"]

1. Nf3 d5 2. c4 c6 3. b3 Bg4 4. e3 Nd7 5. Bb2 Ngf6 6. Be2 e6 7. h3 Bh5 8. d3
Qa5+ 9. Kf1 Bg6 10. a3 Be7 11. Nbd2 O-O 12. Nh4 dxc4 13. Nxg6 hxg6 14. Nxc4 Qc7
15. Rc1 Rad8 16. h4 b5 17. Nd2 c5 18. g4 Ne5 19. g5 Nd5 20. Ne4 c4 21. Qc2 f5
22. gxf6 Nxf6 23. dxc4 bxc4 24. bxc4 1-0

[Event "49th Capablanca Mem Open I 2014"]
[Site "Havana CUB"]
[Date "2014.05.11"]
[Round "4.17"]
[White "Olivares Canelles, Francisco"]
[Black "Borges Feria, Yasel"]
[Result "0-1"]
[WhiteTitle "FM"]
[BlackTitle "FM"]
[WhiteElo "2305"]
[BlackElo "2427"]
[WhiteFideId "3504590"]
[BlackFideId "3504921"]
[EventDate "2014.04.08"]

1. d4 Nf6 2. c4 e6 3. Nc3 Bb4 4. e3 O-O 5. Bd3 d5 6. Ne2 dxc4 7. Bxc4 b6 8. O-O
Bb7 9. Qd3 a6 10. a3 Bd6 11. Ng3 Nbd7 12. Bd2 c5 13. Rad1 Qc7 14. Ba2 Rfd8 15.
Rfe1 h5 16. Qe2 h4 17. Nf1 h3 18. f3 hxg2 19. Qxg2 cxd4 20. exd4 Bf4 21. Ne3 Nf8
22. Ne2 Ng6 23. Qh3 Bh6 24. Kf2 Nf4 25. Nxf4 Bxf4 26. Bc3 Nd5 27. Nxd5 Bxd5 28.
Bb1 g6 29. Qg4 Kg7 30. h4 Rh8 31. Rxe6 Bxe6 32. d5+ Qxc3 33. Qxf4 Qxb2+ 34. Rd2
Qxb1 35. Qe5+ Kh7 36. dxe6 Qf5 0-1

[Event "49th Capablanca Mem Open I 2014"]
[Site "Havana CUB"]
[Date "2014.05.11"]
[Round "4.18"]
[White "Soto Hernandez, Henry"]
[Black "Bueno Perez, Lazaro Antonio"]
[Result "1-0"]
[WhiteTitle "FM"]
[BlackTitle "IM"]
[WhiteElo "2421"]
[BlackElo "2225"]
[WhiteFideId "3507475"]
[BlackFideId "3500691"]
[EventDate "2014.04.08"]

1. d4 d5 2. Nf3 e6 3. g3 Nf6 4. Bg2 Be7 5. O-O O-O 6. c4 c6 7. Qc2 Nbd7 8. Rd1
Ne4 9. Ne5 f5 10. Bf4 g5 11. Nxd7 Bxd7 12. Be5 Be8 13. Nc3 Bf6 14. cxd5 exd5 15.
Qb3 Qb6 16. f4 Qxb3 17. axb3 Bh5 18. Bf3 Bxe5 19. fxe5 Bxf3 20. exf3 Nxc3 21.
bxc3 f4 22. Kf2 Kf7 23. gxf4 gxf4 24. Rg1 Ke6 25. b4 a6 26. Rg4 Rf7 27. Ke2 Kf5
28. Kd3 Re8 29. Rag1 Ra8 30. Rg8 Rxg8 31. Rxg8 Ke6 32. Ke2 Ke7 33. h4 Rf8 34.
Rg4 Rf5 35. Kd3 b6 36. Rg7+ Rf7 37. Rg1 Kf8 38. Rg4 a5 39. bxa5 bxa5 40. c4 a4
41. cxd5 cxd5 42. Kc3 Rc7+ 43. Kb2 Rc4 44. Rxf4+ Ke7 45. h5 h6 46. Ka3 Ke8 47.
Rg4 Kf7 48. Ka2 Ke7 49. Rg7+ Kf8 50. Rg6 Rxd4 51. Rxh6 Rf4 52. Rh8+ Kg7 53. e6 1-0

[Event "49th Capablanca Mem Open I 2014"]
[Site "Havana CUB"]
[Date "2014.05.11"]
[Round "4.19"]
[White "Aguero Jimenez, Luis Lazaro"]
[Black "Davila, Carlos"]
[Result "1-0"]
[WhiteTitle "IM"]
[BlackTitle "IM"]
[WhiteElo "2416"]
[BlackElo "2313"]
[WhiteFideId "3508455"]
[BlackFideId "6100040"]
[EventDate "2014.04.08"]

1. c4 g6 2. Nc3 Bg7 3. d4 d6 4. Nf3 Nf6 5. e4 O-O 6. Be2 Bg4 7. O-O Nfd7 8. Be3
c5 9. d5 Na6 10. h3 Bxf3 11. Bxf3 Nc7 12. Qd2 a6 13. Be2 Rb8 14. a4 f5 15. exf5
gxf5 16. Bh6 Qe8 17. Bxg7 Kxg7 18. Qg5+ Qg6 19. Qxe7+ Rf7 20. Qh4 Kh8 21. f4 Rg8
22. Bf3 Qg7 23. Qf2 Rf6 24. a5 Rh6 25. Kh1 Nf6 26. Ra3 Nce8 27. Ne2 Ng4 28. Qe1
Ngf6 29. Re3 Rg6 30. Rg1 Qh6 31. Re6 Ng7 32. Rxd6 Re8 33. Qc3 Kg8 34. Rf1 Qh4
35. Qe1 Qh6 36. Qc3 Qh4 37. Qd3 Kh8 38. Rb6 Ng4 39. Rxg6 hxg6 40. Bxg4 fxg4 41.
d6 Nf5 42. d7 Rd8 43. Kh2 gxh3 44. Rf3 Qf6 45. Rxh3+ Kg7 46. Nc3 Qd4 47. Qxd4+
cxd4 48. Nd5 Rxd7 49. Rd3 Kf8 50. g4 Ne3 51. Nb6 Rf7 52. Kg3 Nf1+ 53. Kf3 Nh2+
54. Ke4 Nxg4 55. Rxd4 Nf6+ 56. Ke5 Kg7 57. Ke6 Nh5 58. Nd5 Ng3 59. c5 Nf5 60.
Rc4 Kf8 61. Nb4 Kg7 62. c6 Re7+ 63. Kd5 Ne3+ 64. Kd6 Nxc4+ 65. Kxe7 bxc6 66.
Nxc6 Nxb2 67. Ne5 Na4 68. Nd3 Nc3 69. Kd6 Ne4+ 70. Kd5 Nd2 71. Nc5 Kf6 72. Kd4 1-0

[Event "49th Capablanca Mem Open I 2014"]
[Site "Havana CUB"]
[Date "2014.05.11"]
[Round "4.20"]
[White "Pina Vega, Sulennis"]
[Black "Fargere, Francois"]
[Result "1/2-1/2"]
[WhiteTitle "WGM"]
[BlackTitle "GM"]
[WhiteElo "2313"]
[BlackElo "2407"]
[WhiteFideId "3503151"]
[BlackFideId "615935"]
[EventDate "2014.04.08"]

1. e4 e6 2. d4 d5 3. exd5 exd5 4. Nf3 Nf6 5. Bd3 Bd6 6. O-O O-O 7. Bg5 Bg4 8.
Nbd2 Nbd7 9. c3 c6 10. Bh4 Qc7 11. Qc2 Rfc8 12. Bg3 Bf5 1/2-1/2